| 000 | 01281nas a2200385 4500 | ||
|---|---|---|---|
| 001 | BR2013003947 | ||
| 003 | BR-BrBNA | ||
| 005 | 20231205122427.0 | ||
| 007 | ta | ||
| 008 | 230509b bl.|||p| |||| 00| 00por d | ||
| 040 |
_aBR-BrBNA _bpor _cBiblioteca Nacional de Agricultura |
||
| 041 | _a(Pt) | ||
| 072 | _aL51 | ||
| 100 | 1 | _aLeite, R.S. | |
| 100 | 1 | _aRocha, J.S.R. | |
| 100 | 1 | _aMichel, B.C. | |
| 100 | 1 | _aLara, L.J.C. | |
| 100 | 1 | _aOrnelas, E.A. | |
| 100 | 1 | _aCançado, S.V. | |
| 100 | 1 | _aBaião, N.C. | |
| 100 | 1 | _a | |
| 100 | 1 | _a | |
| 100 | 1 | _a | |
| 245 | 1 | _aEfeitos de planos nutricionais e de fontes de metionina sobre o desempenho, rendimento e composição de carcaças de frangos de corte | |
| 246 | 1 | _aEffects of nutritional plans and methionine sources on broilers performance, carcass yield, and carcass composition | |
| 650 | _aFRANGO DE CORTE | ||
| 650 | _aNUTRIÇÃO ANIMAL | ||
| 650 | _aPERFORMANCE | ||
| 650 | _aRENDIMENTO | ||
| 650 | _aCARCAÇA | ||
| 773 | 0 |
_tArquivo Brasileiro de Medicina Veterinária e Zootecnia (Brazil) _xISSN 0102-0935 _g(Oct 2009), v. 61(5) p. 1120-1127 _wBR2013003947 |
|
| 856 | 4 | 0 | _uhttp://www.scielo.br/pdf/abmvz/v61n5/a15v61n5.pdf |
| 909 |
_a202311 _bLúcia _c55 _dLúcia Elande |
||
| 942 |
_2AGRIS _n0 _cANA |
||
| 999 |
_c228588 _d228588 |
||